000 00679nam a22002297a 4500
005 20160127050922.0
008 080219s2008 nyua 000 0 eng
020 _a9780072263657 (alk. paper)
020 _a0072263652 (alk. paper)
041 0 _aeng
080 _a004
100 1 _aScambray, Joel.
245 1 0 _aHacking exposed Windows :
_cJoel Scambray, Stuart McClure.
250 _a3rd ed.
260 _aNew York, NY :
_bMcGraw-Hill,
_c2008.
300 _a451 f. :
_bme il.;
_c24 cm.
630 0 0 _aMicrosoft Windows (Computer file)
650 0 _aKompjuterat
650 0 _aRuajtja
700 1 _aMcClure, Stuart.
942 _2udc
_cBK
999 _c625
_d625